[Event "Fagernes op"]
[Site "Fagernes"]
[Date "2024.03.27"]
[Round "5"]
[White "Fiskaaen, Martin Holten"]
[Black "Vestby Ellingsen, Mads"]
[Result "0-1"]
[WhiteElo "2118"]
[BlackElo "2336"]
[PlyCount "96"]
[EventDate "2024.03.24"]
[EventType "swiss"]
[EventRounds "9"]
[EventCountry "NOR"]
[SourceTitle "CB14_2024"]
[SourceDate "2024.04.01"]
[SourceVersion "1"]
[SourceVersionDate "2024.04.01"]
[SourceQuality "1"]

1. d4 d5 2. c4 dxc4 3. e3 b5 4. a4 b4 5. Bxc4 Nf6 6. Nf3 e6 7. 0-0 Be7 8. Nbd2 0-0 9. Qe2 c5 10. Nb3 Nbd7 11. Rd1 Qc7 12. Bd2 a5 13. e4 Bb7 14. Bd3 c4 15. Bxc4 Bxe4 16. Bg5 Bxf3 17. gxf3 Nb6 18. Bd3 Nbd5 19. Rac1 Qd6 20. Nc5 Nf4 21. Bxf4 Qxf4 22. Nxe6 fxe6 23. Qxe6+ Kh8 24. Qxe7 Qxf3 25. Qe3 Qh5 26. Be2 Qf7 27. Re1 Rae8 28. Qf3 Qa7 29. Bb5 Rd8 30. Rcd1 Nd5 31. Qg3 Rf6 32. Re5 Nf4 33. Rde1 Qxd4 34. Re8+ Rf8 35. Rxd8 Qxd8 36. Kh1 h6 37. Bc6 Qd2 38. Qe3 Qxb2 39. Qe7 Ng6 40. Qd6 Qxf2 41. Rg1 Nh4 42. Qc7 Qf6 43. Bd5 Nf5 44. Qxa5 Qd4 45. Qb5 Ne3 46. Bc6 Ng4 47. Qe2 Nf2+ 48. Kg2 Nh3 0-1

[Event "NOR-chB"]
[Site "Oslo"]
[Date "2023.07.08"]
[Round "9"]
[White "Fiskaaen, Martin Holten"]
[Black "Kizatbay, Abyl"]
[Result "1/2-1/2"]
[WhiteElo "2074"]
[BlackElo "2154"]
[PlyCount "59"]
[EventDate "2023.06.30"]
[EventType "swiss"]
[EventRounds "9"]
[EventCountry "NOR"]
[SourceTitle "EXT 2024"]
[Source "ChessBase"]
[SourceDate "2023.10.10"]
[SourceVersion "1"]
[SourceVersionDate "2023.10.10"]
[SourceQuality "1"]

1. d4 Nf6 2. c4 g6 3. Nc3 d5 4. cxd5 Nxd5 5. Bd2 Bg7 6. e4 Nb6 7. Be3 0-0 8. h3 e5 9. Nf3 exd4 10. Bxd4 Nc6 11. Bxg7 Kxg7 12. Bb5 Qf6 13. 0-0 Rd8 14. Qe2 Ne5 15. Nxe5 Qxe5 16. Kh1 Qf4 17. Rad1 Be6 18. Qc2 c6 19. Bd3 a5 20. Ne2 Qh4 21. f4 a4 22. b3 axb3 23. axb3 f6 24. Qc5 Bxh3 25. Qxb6 Ra2 26. Qxd8 Bxg2+ 27. Kxg2 Qg4+ 28. Kh2 Qh4+ 29. Kg2 Qg4+ 30. Kh2 1/2-1/2

[Event "NOR-chB"]
[Site "Oslo"]
[Date "2023.07.05"]
[Round "6"]
[White "Fiskaaen, Martin Holten"]
[Black "Strand, Vetle Bjorge"]
[Result "1/2-1/2"]
[WhiteElo "2074"]
[BlackElo "2116"]
[PlyCount "81"]
[EventDate "2023.06.30"]
[EventType "swiss"]
[EventRounds "9"]
[EventCountry "NOR"]
[SourceTitle "EXT 2024"]
[Source "ChessBase"]
[SourceDate "2023.10.10"]
[SourceVersion "1"]
[SourceVersionDate "2023.10.10"]
[SourceQuality "1"]

1. d4 d5 2. c4 c6 3. Nc3 Nf6 4. e3 e6 5. Nf3 Nbd7 6. Qc2 b6 7. b3 Bb7 8. Bb2 Rc8 9. Bd3 c5 10. Qe2 cxd4 11. exd4 Be7 12. 0-0 0-0 13. Ne5 dxc4 14. bxc4 Nxe5 15. dxe5 Nd7 16. Rad1 Qc7 17. Nb5 Qc6 18. f3 Ra8 19. Be4 Qc8 20. Nd6 Bxd6 21. exd6 Bxe4 22. Qxe4 Qc5+ 23. Kh1 Rac8 24. Qg4 Ne5 25. Qg3 Ng6 26. d7 Rcd8 27. f4 Qxc4 28. Ba3 Qxa2 29. Bxf8 Nxf8 30. Ra1 Qc4 31. Rfc1 Qd5 32. Rxa7 Nxd7 33. h3 Nf6 34. Qe3 Qb5 35. Qf3 Qd5 36. Qe3 Qb5 37. Rca1 Qc6 38. R7a6 Nd5 39. Qf3 g6 40. Qf2 Rc8 41. Qf3 1/2-1/2

[Event "NOR-chT Club"]
[Site "Bergen"]
[Date "2023.05.20"]
[Round "4.8"]
[White "Moen, Ole Christian"]
[Black "Fiskaaen, Martin Holten"]
[Result "1-0"]
[WhiteElo "2136"]
[BlackElo "2040"]
[PlyCount "119"]
[EventDate "2023.05.18"]
[EventType "team-swiss"]
[EventRounds "6"]
[EventCountry "NOR"]
[SourceTitle "CBM 214 Extra"]
[Source "ChessBase"]
[SourceDate "2023.07.31"]
[SourceVersion "1"]
[SourceVersionDate "2023.07.31"]
[SourceQuality "1"]
[WhiteTeam "Oslo Schakselskap II"]
[BlackTeam "Stavanger"]
[WhiteTeamCountry "NOR"]
[BlackTeamCountry "NOR"]

1. e4 c5 2. Nc3 Nc6 3. Nf3 d6 4. Bb5 g6 5. 0-0 Bg7 6. Re1 e5 7. h3 Nge7 8. a4 0-0 9. d3 h6 10. Bc4 Kh7 11. Nd5 f5 12. c3 f4 13. d4 cxd4 14. cxd4 Nxd5 15. exd5 Nxd4 16. Nxd4 exd4 17. Ra3 Bd7 18. Rf3 Be5 19. b3 Rc8 20. Bb2 Qf6 21. Bd3 Rc5 22. Ba3 Rc7 23. Be4 Rc3 24. Rd3 Rxd3 25. Qxd3 f3 26. Bxf3 Bf5 27. Qd1 d3 28. Bc1 Rf7 29. Be3 Bc3 30. Rf1 Bd4 31. g4 Bd7 32. Be4 Re7 33. Qxd3 Bxe3 34. Qxe3 Qe5 35. Re1 Rg7 36. Qxa7 Qb2 37. Qe3 Rf7 38. Re2 Qa1+ 39. Kg2 Qf6 40. Qg3 Kg8 41. Re3 g5 42. Rf3 Qe7 43. Rxf7 Kxf7 44. Qf3+ Kg8 45. Bf5 Be8 46. Be6+ Kh7 47. Qe4+ Kg7 48. Qd4+ Kh7 49. a5 Bb5 50. Bf5+ Kg8 51. Qe4 Qxe4+ 52. Bxe4 Kf7 53. Kg3 Kf6 54. f4 Bf1 55. h4 Be2 56. fxg5+ hxg5 57. h5 Kg7 58. Bf5 Bd1 59. Bc8 Bxb3 60. Bxb7 1-0

[Event "NOR-chT Club"]
[Site "Bergen"]
[Date "2023.05.19"]
[Round "2.12"]
[White "Christoffersen, Odd"]
[Black "Fiskaaen, Martin Holten"]
[Result "0-1"]
[WhiteElo "1473"]
[BlackElo "2040"]
[PlyCount "50"]
[EventDate "2023.05.18"]
[EventType "team-swiss"]
[EventRounds "6"]
[EventCountry "NOR"]
[SourceTitle "CBM 214 Extra"]
[Source "ChessBase"]
[SourceDate "2023.07.31"]
[SourceVersion "1"]
[SourceVersionDate "2023.07.31"]
[SourceQuality "1"]
[WhiteTeam "Bergens III"]
[BlackTeam "Stavanger"]
[WhiteTeamCountry "NOR"]
[BlackTeamCountry "NOR"]

1. e4 c5 2. Nc3 Nc6 3. f4 g6 4. d3 Bg7 5. Nf3 e6 6. Be2 Nge7 7. 0-0 0-0 8. Kh1 d5 9. exd5 exd5 10. Bd2 Re8 11. Re1 b6 12. Qc1 Bb7 13. Nd1 Nf5 14. c3 Qd7 15. Bf1 Rxe1 16. Bxe1 Re8 17. Bd2 d4 18. Qc2 dxc3 19. bxc3 Nb4 20. Qb1 Bxf3 21. gxf3 Nd5 22. Nf2 Nxc3 23. Bxc3 Bxc3 24. Qc1 Bxa1 25. Qxa1 Qd4 0-1

[Event "NOR-chT Club"]
[Site "Bergen"]
[Date "2023.05.18"]
[Round "1.12"]
[White "Fiskaaen, Martin Holten"]
[Black "Sangolt, Jorgen"]
[Result "1-0"]
[WhiteElo "2040"]
[BlackElo "1317"]
[PlyCount "41"]
[EventDate "2023.05.18"]
[EventType "team-swiss"]
[EventRounds "6"]
[EventCountry "NOR"]
[SourceTitle "CBM 214 Extra"]
[Source "ChessBase"]
[SourceDate "2023.07.31"]
[SourceVersion "1"]
[SourceVersionDate "2023.07.31"]
[SourceQuality "1"]
[WhiteTeam "Stavanger"]
[BlackTeam "Sotra II"]
[WhiteTeamCountry "NOR"]
[BlackTeamCountry "NOR"]

1. d4 Nf6 2. c4 g6 3. Nc3 Bg7 4. e4 d6 5. h3 0-0 6. Be3 e5 7. d5 c6 8. g4 Qa5 9. Qd2 Re8 10. Nge2 Na6 11. Ng3 Nc5 12. Rb1 Qc7 13. b4 Ncd7 14. Be2 a5 15. g5 axb4 16. Rxb4 Nc5 17. gxf6 Qa5 18. Bxc5 Qxc5 19. Na4 Bh6 20. Qxh6 Qxb4+ 21. Kf1 1-0

[Event "Fagernes op-A"]
[Site "Fagernes"]
[Date "2023.04.05"]
[Round "4"]
[White "Fiskaaen, Martin Holten"]
[Black "Shehzad, Shazil Khan"]
[Result "0-1"]
[WhiteElo "2040"]
[BlackElo "2212"]
[PlyCount "98"]
[EventDate "2023.04.02"]
[EventType "swiss"]
[EventRounds "9"]
[EventCountry "NOR"]
[SourceTitle "CBM 213 Extra"]
[Source "ChessBase"]
[SourceDate "2023.05.31"]
[SourceVersion "1"]
[SourceVersionDate "2023.05.31"]
[SourceQuality "1"]

1. d4 Nf6 2. c4 e6 3. Nf3 a6 4. g3 b5 5. Nbd2 Bb7 6. Bg2 c5 7. 0-0 cxd4 8. Nxd4 Bxg2 9. Kxg2 Qb6 10. N4f3 Be7 11. a4 b4 12. b3 0-0 13. Bb2 Nc6 14. Rc1 Rfd8 15. e3 Rac8 16. Qe2 d6 17. Rfd1 Na5 18. e4 Nd7 19. Nd4 Bf6 20. Qe3 e5 21. Nf5 Qxe3 22. Nxe3 Bg5 23. Ba1 Bxe3 24. fxe3 Nc5 25. Rb1 Kf8 26. Kf3 Ke7 27. Ke2 h5 28. Rg1 Ke6 29. Kd1 g6 30. Kc2 f5 31. exf5+ gxf5 32. Nf3 Ne4 33. Rbd1 Nc5 34. Rb1 d5 35. Bxe5 dxc4 36. Rbd1 cxb3+ 37. Kb1 Nxa4 38. Rxd8 Rxd8 39. Bc7 Rd5 40. Nd4+ Rxd4 41. Bxa5 Rc4 42. Rf1 Nc5 43. Rd1 Nb7 44. Bb6 a5 45. Kb2 a4 46. Rd2 Nc5 47. Rd8 a3+ 48. Kb1 a2+ 49. Kb2 Rc2+ 0-1

[Event "Kragero op"]
[Site "Kragero"]
[Date "2023.02.23"]
[Round "3"]
[White "Savicevs, Arsenijs"]
[Black "Fiskaaen, Martin Holten"]
[Result "1-0"]
[WhiteElo "1970"]
[BlackElo "2056"]
[PlyCount "57"]
[EventDate "2023.02.22"]
[EventType "swiss"]
[EventRounds "9"]
[EventCountry "NOR"]
[SourceTitle "CBM 212 Extra"]
[Source "ChessBase"]
[SourceDate "2023.03.31"]
[SourceVersion "1"]
[SourceVersionDate "2023.03.31"]
[SourceQuality "1"]

1. e4 c5 2. Nf3 d6 3. d4 cxd4 4. Nxd4 Nf6 5. Nc3 Nc6 6. Bc4 Qb6 7. Nb3 e6 8. Be3 Qc7 9. 0-0 a6 10. a4 Ne5 11. Be2 Nc4 12. Bc1 Be7 13. Qd3 Ne5 14. Qg3 0-0 15. f4 Nc6 16. f5 Kh8 17. Bg5 Bd7 18. Rad1 Rac8 19. Qh3 d5 20. Rf4 Ng8 21. Rh4 h6 22. Bxh6 Bxh4 23. Bg5 Nge7 24. Qxh4+ Kg8 25. Bxe7 Nxe7 26. Qxe7 Rfe8 27. Qh4 dxe4 28. f6 Bc6 29. Qg5 1-0

[Event "EU-ch U14 30th"]
[Site "Antalya"]
[Date "2022.11.14"]
[Round "9"]
[White "Fiskaaen, Martin Holten"]
[Black "Topuz, Mirac Melih"]
[Result "1-0"]
[WhiteElo "2094"]
[BlackElo "1866"]
[PlyCount "116"]
[EventDate "2022.11.06"]
[EventType "swiss"]
[EventRounds "9"]
[EventCountry "TUR"]
[SourceTitle "CBM 211 Extra"]
[Source "ChessBase"]
[SourceDate "2023.01.31"]
[SourceVersion "1"]
[SourceVersionDate "2023.01.31"]
[SourceQuality "1"]

1. d4 Nf6 2. c4 e6 3. Nf3 d5 4. Nc3 Bb4 5. Qa4+ Nc6 6. e3 0-0 7. Qc2 Re8 8. Bd2 Bf8 9. a3 e5 10. dxe5 Nxe5 11. cxd5 Nxf3+ 12. gxf3 Nxd5 13. Bd3 g6 14. 0-0-0 a5 15. Nxd5 Qxd5 16. Be4 Qh5 17. Bc3 Be6 18. f4 Ra6 19. Rdg1 b5 20. Rg5 Qh6 21. Rxb5 a4 22. Bd3 Bb3 23. Qe2 Rc6 24. Qf3 Rd6 25. Bc2 c6 26. Rb7 Bc4 27. h4 c5 28. Ra7 Bg7 29. Ra8 Rdd8 30. Rxd8 Rxd8 31. Bxg7 Qxg7 32. e4 Rb8 33. e5 h5 34. Bxa4 Be6 35. Bc2 c4 36. Rg1 c3 37. f5 cxb2+ 38. Kb1 Bxf5 39. Bxf5 Qxe5 40. Bc2 Kg7 41. Qg3 Qe8 42. Qc3+ Kh7 43. Qf3 Rc8 44. Qxh5+ Kg7 45. Qf3 Qe5 46. Qe4 Qc5 47. Qd3 Qxf2 48. Rxg6+ fxg6 49. Qd7+ Kh6 50. Qxc8 Qg1+ 51. Kxb2 Qb6+ 52. Ka2 Qf6 53. Qc4 Qe5 54. a4 Kg7 55. Kb3 Qb8+ 56. Qb4 Qg8+ 57. Kb2 Qd5 58. Qe7+ Kg8 1-0

[Event "EU-ch U14 30th"]
[Site "Antalya"]
[Date "2022.11.08"]
[Round "3"]
[White "Fiskaaen, Martin Holten"]
[Black "Turkmen, Yusuf Cagan"]
[Result "1-0"]
[WhiteElo "2094"]
[BlackElo "1877"]
[PlyCount "70"]
[EventDate "2022.11.06"]
[EventType "swiss"]
[EventRounds "9"]
[EventCountry "TUR"]
[SourceTitle "EXT 2024"]
[Source "ChessBase"]
[SourceDate "2023.10.10"]
[SourceVersion "1"]
[SourceVersionDate "2023.10.10"]
[SourceQuality "1"]

1. d4 Nf6 2. c4 e6 3. g3 d5 4. Bg2 Nbd7 5. Nf3 Bb4+ 6. Bd2 a5 7. 0-0 Be7 8. Qc2 c6 9. Bf4 0-0 10. Rd1 Nh5 11. Bc1 b5 12. c5 f5 13. Nbd2 Qc7 14. b3 Bf6 15. Bb2 g5 16. Ne1 e5 17. dxe5 Nxe5 18. Ndf3 Ng7 19. Nxe5 Bxe5 20. Nf3 Bxb2 21. Qxb2 h6 22. Ne5 Be6 23. e3 g4 24. h4 Bf7 25. Rac1 Rae8 26. Nd3 Kh7 27. Bf1 Nh5 28. Ne1 Qe5 29. Qd2 Qc7 30. Bd3 Bg6 31. Ng2 Re5 32. Bb1 Rfe8 33. Qd4 Qe7 34. Qc3 Qc7 35. Qd4 Re4 1-0

[Event "Prague Summer op 9th"]
[Site "Prague"]
[Date "2022.08.12"]
[Round "9"]
[White "Fiskaaen, Martin Holten"]
[Black "Karas, Marek"]
[Result "0-1"]
[WhiteElo "1950"]
[BlackElo "2275"]
[PlyCount "72"]
[EventDate "2022.08.05"]
[EventType "swiss"]
[EventRounds "9"]
[EventCountry "CZE"]
[SourceTitle "CBM 209 Extra"]
[Source "ChessBase"]
[SourceDate "2022.09.30"]
[SourceVersion "1"]
[SourceVersionDate "2022.09.30"]
[SourceQuality "1"]

1. d4 d5 2. c4 c6 3. Nc3 Nf6 4. e3 a6 5. Nf3 b5 6. b3 Bg4 7. Bd3 e6 8. a4 bxc4 9. bxc4 Bb4 10. Bd2 0-0 11. 0-0 a5 12. Rc1 Nbd7 13. cxd5 cxd5 14. Nb5 Ne4 15. Bxb4 axb4 16. h3 Bh5 17. g4 Bg6 18. Ne5 Nxe5 19. dxe5 Qh4 20. Bxe4 Bxe4 21. Kh2 f5 22. f3 fxg4 23. fxe4 Qxh3+ 24. Kg1 Qxe3+ 25. Kh2 Rxf1 26. Qxf1 Qd2+ 27. Kg1 g3 28. Qh3 Qxc1+ 29. Kg2 Qd2+ 30. Kg1 Qe1+ 31. Kg2 Qxe4+ 32. Kg1 Qe1+ 33. Kg2 Qf2+ 34. Kh1 g2+ 35. Qxg2 Qxg2+ 36. Kxg2 b3 0-1

[Event "Prague Summer op 9th"]
[Site "Prague"]
[Date "2022.08.07"]
[Round "3"]
[White "Fiskaaen, Martin Holten"]
[Black "Polster, Christian"]
[Result "1/2-1/2"]
[WhiteElo "1950"]
[BlackElo "2236"]
[PlyCount "169"]
[EventDate "2022.08.05"]
[EventType "swiss"]
[EventRounds "9"]
[EventCountry "CZE"]
[SourceTitle "CBM 209 Extra"]
[Source "ChessBase"]
[SourceDate "2022.09.30"]
[SourceVersion "1"]
[SourceVersionDate "2022.09.30"]
[SourceQuality "1"]

1. d4 Nf6 2. c4 e6 3. Nf3 d5 4. Nc3 Nbd7 5. Bf4 dxc4 6. e3 Nd5 7. Bxc4 Nxf4 8. exf4 Nb6 9. Bb3 g6 10. 0-0 Bg7 11. Qe2 0-0 12. g3 a5 13. a3 a4 14. Ba2 Bd7 15. Ne5 Bc6 16. Nxc6 bxc6 17. Rfd1 Qb8 18. Ne4 Rd8 19. Ng5 Nd5 20. Rac1 Qb6 21. Nf3 Ra5 22. Ne5 Rb5 23. Rc2 Bxe5 24. dxe5 Rb8 25. Rdd2 Rc5 26. Rxc5 Qxc5 27. Rc2 Qd4 28. Qd2 Qxd2 29. Rxd2 Kf8 30. Kf1 Ke7 31. Ke2 Kd7 32. Kd1 Rb5 33. Bc4 Rc5 34. Bd3 Ra5 35. Bc2 c5 36. Re2 Kc6 37. Re4 Nb6 38. Kd2 Ra8 39. h4 Kb5 40. Bd3+ c4 41. Be2 Rd8+ 42. Kc3 Nd5+ 43. Kc2 Nb6 44. Kc3 c5 45. Bxc4+ Nxc4 46. Rxc4 Rd1 47. Re4 Rc1+ 48. Kd2 Rf1 49. Re2 Kc4 50. Kc2 h5 51. Rd2 Re1 52. Rd7 Re2+ 53. Kc1 Kb3 54. Rxf7 Rc2+ 55. Kd1 Kxb2 56. Rf6 Rc4 57. Rxg6 Rd4+ 58. Ke2 c4 59. Rxe6 c3 60. Rb6+ Kxa3 61. f5 Re4+ 62. Kd3 Rxe5 63. f6 c2 64. Kxc2 Re2+ 65. Kc3 Rxf2 66. Rb5 Rxf6 67. Rxh5 Rf3+ 68. Kc2 Rxg3 69. Ra5 Rh3 70. h5 Kb4 71. Ra8 Rh2+ 72. Kb1 Rxh5 73. Rg8 Rh1+ 74. Ka2 Rh2+ 75. Ka1 Rh3 76. Rg1 Kb3 77. Rf1 Rg3 78. Rh1 Rc3 79. Rg1 a3 80. Rh1 a2 81. Rg1 Rc8 82. Rg3+ Kc2 83. Kxa2 Ra8+ 84. Ra3 Rxa3+ 85. Kxa3 1/2-1/2

[Event "Prague Summer op 9th"]
[Site "Prague"]
[Date "2022.08.07"]
[Round "4"]
[White "Nemeth, Zalan"]
[Black "Fiskaaen, Martin Holten"]
[Result "0-1"]
[WhiteElo "2245"]
[BlackElo "1950"]
[PlyCount "78"]
[EventDate "2022.08.05"]
[EventType "swiss"]
[EventRounds "9"]
[EventCountry "CZE"]
[SourceTitle "CBM 209 Extra"]
[Source "ChessBase"]
[SourceDate "2022.09.30"]
[SourceVersion "1"]
[SourceVersionDate "2022.09.30"]
[SourceQuality "1"]

1. e4 c5 2. Nf3 d6 3. d4 cxd4 4. Nxd4 Nf6 5. Nc3 Nc6 6. Bg5 e6 7. Qd3 Be7 8. 0-0-0 0-0 9. Ndb5 Qb6 10. Be3 Qa5 11. f4 Rd8 12. a3 Rd7 13. Be2 a6 14. Nd4 Nxd4 15. Bxd4 b5 16. Bf3 e5 17. Be3 b4 18. axb4 Qxb4 19. fxe5 dxe5 20. Nd5 Rxd5 21. exd5 e4 22. Bxe4 Nxe4 23. Rhf1 Rb8 24. Qd4 Bc5 25. Qxb4 Bxe3+ 26. Qd2 Nxd2 27. Rxd2 Bxd2+ 28. Kxd2 Rxb2 29. Kc3 Rb8 30. Kd4 Kf8 31. Re1 Bd7 32. c4 a5 33. Kc5 a4 34. Kd6 Bf5 35. c5 a3 36. Ra1 Be4 37. Rxa3 Rd8+ 38. Ke5 Bxd5 39. Rd3 f6+ 0-1

[Event "Kragero Sept op"]
[Site "Kragero"]
[Date "2020.09.06"]
[Round "5"]
[White "Kveim, Ingvar Torjesen"]
[Black "Fiskaaen, Martin Holten"]
[Result "1-0"]
[WhiteElo "1423"]
[BlackElo "1455"]
[PlyCount "121"]
[EventDate "2020.09.04"]
[EventType "swiss"]
[EventRounds "6"]
[EventCountry "NOR"]
[SourceTitle "CBM 198 Extra"]
[Source "ChessBase"]
[SourceDate "2020.11.30"]
[SourceVersion "1"]
[SourceVersionDate "2020.11.30"]
[SourceQuality "1"]

1. e4 c5 2. Nf3 d6 3. d4 cxd4 4. Nxd4 Nf6 5. Nc3 Nc6 6. Bg5 e6 7. Qd2 Be7 8. Be2 0-0 9. Rd1 Nxd4 10. Qxd4 Qa5 11. Bd2 Qc5 12. Qd3 a6 13. 0-0 b5 14. b4 Qc7 15. Bf3 Nd7 16. Bf4 Ne5 17. Bxe5 dxe5 18. a3 Rd8 19. Qe3 Bb7 20. Rxd8+ Rxd8 21. Rd1 h6 22. Rxd8+ Bxd8 23. Qd3 Be7 24. Nd1 Bg5 25. Nb2 Bc1 26. Qb3 Qd6 27. Nd3 Bd2 28. g3 Qd4 29. Nc5 Be1 30. Qe3 Qxe3 31. fxe3 Bc6 32. Nxa6 Bd2 33. Kf2 Bc1 34. Nc5 Bxa3 35. Nd3 f5 36. Nxe5 Bxe4 37. Bxe4 fxe4 38. Nc6 Kf7 39. Ke2 Ke8 40. c3 Bc1 41. Nd4 Kd7 42. Nb3 Ba3 43. Kd2 Kd6 44. Kc2 Kd5 45. Nd2 g5 46. g4 e5 47. h3 Ke6 48. Nb1 Bxb4 49. cxb4 Kd5 50. Kb3 Kd6 51. Nc3 Kc6 52. Ne2 Kd5 53. Ng3 Ke6 54. Nf5 h5 55. Ng7+ Kf7 56. Nxh5 Kg6 57. Ng3 Kf6 58. Nxe4+ Ke6 59. Nxg5+ Kf6 60. h4 Kg6 61. Kc3 1-0

[Event "Bergen Grand Prix C"]
[Site "Bergen"]
[Date "2019.11.16"]
[Round "3"]
[White "Engelsen, Teodor Tenfjord"]
[Black "Fiskaaen, Martin Holten"]
[Result "1/2-1/2"]
[WhiteElo "1349"]
[BlackElo "1190"]
[PlyCount "130"]
[EventDate "2019.11.15"]
[EventType "swiss"]
[EventRounds "5"]
[EventCountry "NOR"]
[SourceTitle "EXT 2024"]
[Source "ChessBase"]
[SourceDate "2023.10.10"]
[SourceVersion "1"]
[SourceVersionDate "2023.10.10"]
[SourceQuality "1"]

1. d4 Nf6 2. Nc3 d5 3. Bf4 c5 4. e3 cxd4 5. exd4 a6 6. Be2 Bf5 7. g4 Bg6 8. h4 h6 9. f3 e6 10. Bd3 Bxd3 11. Qxd3 Bd6 12. Nge2 Nc6 13. 0-0-0 Bxf4+ 14. Nxf4 Qc7 15. Qe3 0-0-0 16. Rhe1 Kb8 17. Kb1 Na5 18. Qe5 Nc4 19. Qxc7+ Kxc7 20. b3 Na5 21. Nd3 Nd7 22. f4 Kd6 23. Ne5 Nxe5 24. fxe5+ Ke7 25. Rf1 Nc6 26. Ne2 b5 27. c3 a5 28. Rd3 a4 29. b4 Na7 30. Rdf3 Rhf8 31. Ng3 Nc8 32. Nh5 g6 33. Nf6 Rh8 34. g5 h5 35. Nxh5 Rxh5 36. Rxf7+ Ke8 37. R7f6 Ne7 38. Rxe6 Rxh4 39. Rff6 Kd7 40. Rd6+ Kc7 41. Rf7 Rxd6 42. exd6+ Kxd6 43. Rf6+ Kd7 44. Rb6 Rh3 45. Kb2 Rg3 46. Rxb5 Rxg5 47. c4 Rh5 48. c5 g5 49. Rb7+ Kd8 50. b5 g4 51. b6 g3 52. c6 Nxc6 53. Rg7 Rh2+ 54. Ka3 g2 55. b7 g1Q 56. Rxg1 Kc7 57. Rg7+ Kb8 58. Rd7 Rh5 59. Kxa4 Rh4 60. Rxd5 Rxd4+ 61. Rxd4 Nxd4 62. Kb4 Kxb7 63. a4 Nc6+ 64. Kb5 Na7+ 65. Kb4 Ka6 1/2-1/2